The law of agency and partnership / (Record no. 11746)

MARC details
000 -LEADER
fixed length control field 01114nam a22002892 4500
001 - CONTROL NUMBER
control field 0000025486
005 - DATE AND TIME OF LATEST TRANSACTION
control field 20151217154549.0
008 - FIXED-LENGTH DATA ELEMENTS--GENERAL INFORMATION
fixed length control field 151001s xx 000 0 eng d
020 ## - INTERNATIONAL STANDARD BOOK NUMBER
International Standard Book Number 0314238581 :
040 ## - CATALOGING SOURCE
Original cataloging agency KABU
Transcribing agency KABU
100 1# - MAIN ENTRY--PERSONAL NAME
Personal name Gregory, William A.
-- 0000186143
245 14 - TITLE STATEMENT
Title The law of agency and partnership /
Statement of responsibility, etc. by William A. Gregory.
250 ## - EDITION STATEMENT
Edition statement 3rd ed.
260 ## - PUBLICATION, DISTRIBUTION, ETC. (IMPRINT)
Place of publication, distribution, etc. St. Paul, MN :
Name of publisher, distributor, etc. West publishing,
Date of publication, distribution, etc. 2001.
300 ## - PHYSICAL DESCRIPTION
Extent xxxi, 690 p.
650 #0 - SUBJECT ADDED ENTRY--TOPICAL TERM
Topical term or geographic name as entry element Agency (law)
Geographic subdivision United States.
-- 0000186144
650 #0 - SUBJECT ADDED ENTRY--TOPICAL TERM
Topical term or geographic name as entry element Partnership
Geographic subdivision United States.
-- 0000186145
852 1# - LOCATION
-- p25000 KES
852 1# - LOCATION
-- p25000 KES
852 1# - LOCATION
-- p25000 KES
852 1# - LOCATION
-- p25000 KES
852 1# - LOCATION
-- p25000 KES
852 1# - LOCATION
-- p25000 KES
852 1# - LOCATION
-- p25000 KES
908 ## - PUT COMMAND PARAMETER (RLIN)
Put command parameter 151001
950 ## - LOCAL HOLDINGS (RLIN)
-- 1
Holdings
Withdrawn status Lost status Source of classification or shelving scheme Not for loan Home library Current library Date acquired Total Checkouts Full call number Barcode Date last seen Price effective from Koha item type
    Library of Congress Classification   Kabarak, Main Campus Kabarak, Main Campus 17/12/2015   KF1345 .G74 2001 c. 1 020260 17/12/2015 17/12/2015 General Collection
    Library of Congress Classification   Kabarak, Main Campus Kabarak, Main Campus 17/12/2015   KF1345 .G74 2001 c. 2 020259 17/12/2015 17/12/2015 General Collection
    Library of Congress Classification   Kabarak, Main Campus Kabarak, Main Campus 17/12/2015   KF1345 .G74 2001 c. 3 021100 17/12/2015 17/12/2015 General Collection
    Library of Congress Classification   Kabarak, Main Campus Kabarak, Main Campus 17/12/2015   KF1345 .G74 2001 c. 4 021104 17/12/2015 17/12/2015 General Collection
    Library of Congress Classification   Kabarak, Main Campus Kabarak, Main Campus 17/12/2015   KF1345 .G74 2001 c. 5 021102 17/12/2015 17/12/2015 General Collection
    Library of Congress Classification   Kabarak, Main Campus Kabarak, Main Campus 17/12/2015   KF1345 .G74 2001 c. 6 021105 17/12/2015 17/12/2015 General Collection
    Library of Congress Classification   Kabarak, Main Campus Kabarak, Main Campus 17/12/2015   KF1345 .G74 2001 c. 7 021103 17/12/2015 17/12/2015 General Collection
Designed with assistance from East African Informatics Ltd